000 00874nam a2200265Ia 4500
003 OSt
005 20221005111658.0
006 a|||||r|||| 00| 0
007 ta
008 221004b |||||||| |||| 00| 0 hin d
020 _c5.00
024 _a109004
037 _cTextual
040 _aCRL
_cCRL
_bhin
041 _2hin
_ahin
082 _aO152,2NDW,KK, K1
100 _aद्विवेदी, गणेशप्रसाद
245 0 _aकवि कालिदास
246 _aKavi kālidāsa
260 _aप्रयाग
_bहिन्दी साहित्य सम्मेलन भारत
_c1961
300 _a94पृ0
_ccm.
650 _aहिन्दी साहित्य
942 _hO152,2NDW,KK, K1
_cTEXL
_2cc
999 _c1022559
_d1022559